[Event "Aeroflot Open A"]
[Site "Moscow RUS"]
[Date "2011.02.12"]
[Round "5"]
[White "Geller,J"]
[Black "Bocharov,D"]
[Result "0-1"]
[WhiteElo "2544"]
[BlackElo "2605"]

1.e4 d6 2.d4 Nf6 3.Nc3 e5 4.Nf3 Nbd7 5.Bc4 Be7 6.O-O O-O 7.a4 c6 8.Re1 b6
9.Ba2 a6 10.h3 Rb8 11.Be3 b5 12.axb5 axb5 13.b4 Qc7 14.Qd3 exd4 15.Bxd4 Ne5
16.Qe3 Nfd7 17.Ne2 Bf6 18.Nxe5 dxe5 19.Bc3 Nb6 20.Nc1 Na4 21.Bb3 Nxc3 22.Qxc3 Be7
23.Nd3 Bd6 24.Nc5 Qe7 25.Re3 Kh8 26.Rd3 f5 27.Rad1 Rf6 28.Qd2 Bc7 29.Na6 Bxa6
30.Rd7 Qf8 31.Rxc7 fxe4 32.Qg5 Re8 33.Rdd7 Rg6 34.Qh5 e3 35.fxe3 Qxb4 36.Kh2 Qe4
37.Qf3 Qxf3 38.gxf3 Bc8 39.Bf7 Bxd7 40.Bxe8 Bxe8 41.Re7 Bf7 42.Rxf7 Kg8 43.Re7 Rd6
44.Kg3 Rd5 45.Kg4 Rc5 46.Kf5 Rxc2 47.Ke6 h6 48.Re8+ Kh7 49.Kxe5 Rc3 50.e4 Rxf3
51.Kd6 b4 52.e5 Rd3+ 53.Kxc6 Kg6 54.Rf8 b3 55.Rf2 Rxh3 56.e6 b2 57.Rf1 b1=Q
58.Rxb1 Kf6 59.Re1 Ke7 60.Kd5 Rg3 61.Re5 Rg5 62.Rxg5 hxg5 63.Ke5 g6 64.Kd5 g4
65.Ke4 g5 66.Ke3 Kxe6 67.Kf2 Ke5 68.Kg2 Kf4 69.Kf2 g3+  0-1

[Event "ch-ROU Men"]
[Site "Sarata Monteoru ROU"]
[Date "2011.02.12"]
[Round "1.9"]
[White "Atomei,C"]
[Black "Badea,B"]
[Result "0-1"]
[WhiteElo "1921"]
[BlackElo "2493"]

1.e4 d6 2.d4 Nf6 3.Nc3 e5 4.dxe5 dxe5 5.Qxd8+ Kxd8 6.Bg5 c6 7.O-O-O+ Ke8
8.f4 Be7 9.Be2 h6 10.Bxf6 Bxf6 11.f5 Nd7 12.Nf3 h5 13.h4 b5 14.Rd2 Bb7 15.Rhd1 b4
16.Nb1 Rb8 17.a3 a5 18.c3 Be7 19.Ng5 Nb6 20.axb4 axb4 21.cxb4 Bxb4 22.Rc2 Ke7
23.Na3 Ra8 24.Kb1 Ra7 25.Rd3 c5 26.Nb5 Ra5 27.Nc7 c4 28.Rg3 Rc8 29.Nxf7 Kxf7
30.Rg6  0-1

[Event "ch-POL"]
[Site "Warsaw POL"]
[Date "2011.02.12"]
[Round "1"]
[White "Bartel,Mat"]
[Black "Pakleza,Z"]
[Result "1-0"]
[WhiteElo "2617"]
[BlackElo "2495"]

1.e4 d6 2.d4 Nf6 3.Nc3 e5 4.Nf3 Nbd7 5.Bc4 Be7 6.O-O O-O 7.a4 c6 8.a5 h6
9.Re1 Re8 10.d5 Nf8 11.b4 Qc7 12.Qd3 Bd7 13.a6 b5 14.Bb3 Rab8 15.Ra5 cxd5
16.Bxd5 Nxd5 17.Nxd5 Qc6 18.Be3 Bd8 19.Ra3 Ra8 20.Nd2 Ng6 21.c4 bxc4 22.Nxc4 Rc8
23.Na5 Bxa5 24.Rxa5 Qa8 25.b5 Be6 26.b6 Bxd5 27.Qxd5 axb6 28.Qxa8 Rxa8 29.Bxb6 Reb8
30.Be3 Ne7 31.Rc1 f5 32.a7 Rb4 33.f4 fxe4 34.fxe5 d5 35.Bc5 Rb7 36.e6 Kh7
37.Raa1 Nc6 38.Ra6 Ne5 39.Bd4 Nd3 40.Rca1 Rb4 41.e7 Nf4 42.Rb6  1-0

[Event "Aeroflot Open A"]
[Site "Moscow RUS"]
[Date "2011.02.13"]
[Round "6"]
[White "Salgado Lopez,I"]
[Black "Mamedov,Rau"]
[Result "1/2-1/2"]
[WhiteElo "2626"]
[BlackElo "2660"]

1.e4 d6 2.d4 Nf6 3.Nc3 e5 4.Nf3 exd4 5.Nxd4 Be7 6.g3 O-O 7.Bg2 Re8 8.O-O Bf8
9.Bf4 a6 10.Qd2 Nbd7 11.Rad1 Ne5 12.b3 h6 13.h3 b5 14.g4 Bb7 15.Rfe1 h5 16.g5 Nh7
17.Be3 b4 18.Nce2 Ng6 19.Qxb4 Bxe4 20.Nc6 Qc8 21.Qc4 Bxg2 22.Kxg2 a5 23.Rd5 Ra6
24.Ned4 Kh8 25.Kg3 Ne5 26.Nxe5 dxe5 27.Nf3 Rg6 28.Nxe5 Bd6 29.Rxd6 Rxe5 30.Rxg6 fxg6
31.f4 Re8 32.Bf2 Rxe1 33.Bxe1 Qe8 34.Kf2 Nf8 35.Bxa5 Ne6 36.Bd2 Qd7 37.Be3 c6
38.Qe4 Kh7 39.Kg2 Nc7 40.Qd3 Nd5 41.Bd2 Qe6 42.a4 Ne7 43.a5 Nf5 44.Kf2 c5
45.a6 Qc6 46.c3 h4 47.Ke2 Qe6+ 48.Kf2 Qxb3 49.Qd7 Qd1 50.a7 Ng3 51.Qd3 c4
52.Qf3 Qxd2+ 53.Kg1 Qc1+ 54.Kh2 Nf1+ 55.Kg2 Ne3+ 56.Kf2 Qd2+ 57.Kg1 Qe1+
58.Kh2 Nf1+ 59.Kg2 Ne3+ 60.Kh2 Qd2+ 61.Kg1 Qc1+ 62.Kf2 Qd2+  1/2-1/2

[Event "ch-ROU Men"]
[Site "Sarata Monteoru ROU"]
[Date "2011.02.13"]
[Round "2.12"]
[White "Dragomirescu,R"]
[Black "Horvat,Dan"]
[Result "1-0"]
[WhiteElo "2403"]
[BlackElo "2171"]

1.e4 d6 2.d4 Nf6 3.Nc3 e5 4.Nge2 Nbd7 5.g3 c6 6.Bg2 Be7 7.O-O O-O 8.h3 a6
9.a4 b6 10.Be3 Bb7 11.Qd2 Qc7 12.f4 b5 13.b3 Rfe8 14.axb5 axb5 15.Rxa8 Bxa8
16.d5 Bf8 17.dxc6 Qxc6 18.Nd5 exf4 19.Rxf4 Nxd5 20.exd5 Qa6 21.Nd4 g6 22.Rf1 Bg7
23.Qf2 Rf8 24.Nc6 Ne5 25.Nxe5 Bxe5 26.Bh6 Bg7 27.Bxg7 Kxg7 28.h4 f6 29.Qd4 Qc8
30.Ra1 Qxc2 31.Ra7+ Kg8 32.b4 Qc4 33.Qd2 Rb8 34.Rd7 Qc8 35.Bh3 Qf8 36.Be6+ Kh8
37.Rf7 Qg8 38.Qf4  1-0

[Event "Aeroflot Open B"]
[Site "Moscow RUS"]
[Date "2011.02.14"]
[Round "7"]
[White "Wan Yunguo"]
[Black "Kochetkova,J"]
[Result "1-0"]
[WhiteElo "2469"]
[BlackElo "2311"]

1.e4 d6 2.d4 Nf6 3.Nc3 e5 4.Nf3 Nbd7 5.Bc4 Be7 6.O-O O-O 7.a4 a6 8.a5 exd4
9.Qxd4 h6 10.b4 Ne5 11.Be2 Be6 12.Rb1 Nc6 13.Qd2 d5 14.exd5 Nxd5 15.Nxd5 Qxd5
16.b5 axb5 17.Rxb5 Qa2 18.Bb2 Rfd8 19.Qe3 Rxa5 20.Rxb7 Bc5 21.Qe4 Qd5 22.Bd3 Qxe4
23.Bxe4 Bd5 24.Bxd5 Rxd5 25.Rxc7 Ra2 26.Rxc6 Rxb2 27.Ne1 Rf5 28.h3 h5 29.g3 g6
30.Kg2 Kg7 31.Ra6 Bd4 32.Rc6 Bc5 33.Ra6 Bd4 34.Ra3 Bb6 35.Rc3 Ba5 36.Rc4 Bxe1
37.Rxe1 Rf6 38.Rc7 Ra2 39.Re3 Ra1 40.h4 Rd1 41.Rf3 Rxf3 42.Kxf3 Rc1 43.Ke3 Re1+
44.Kd2 Rf1 45.Ke2 Rc1 46.Rc3 f6 47.Kd2 Rh1 48.Rc7+ Kg8 49.c4 Rf1 50.Ke3 Rc1
51.c5 Rc3+ 52.Kd2 Rf3 53.Ke2 Rc3 54.c6 Rc2+ 55.Kd3 Rc1 56.Kd4 Rc2 57.Kd5  1-0

[Event "Aeroflot Open B"]
[Site "Moscow RUS"]
[Date "2011.02.14"]
[Round "7"]
[White "Gomez,Joh"]
[Black "Kabanov,N"]
[Result "0-1"]
[WhiteElo "2527"]
[BlackElo "2482"]

1.d4 d6 2.e4 Nf6 3.Nc3 e5 4.dxe5 dxe5 5.Qxd8+ Kxd8 6.Bg5 Be6 7.O-O-O+ Kc8
8.g3 Nfd7 9.Be3 f6 10.h4 h5 11.Bh3 Bxh3 12.Rxh3 Nc6 13.Nge2 Bc5 14.Nd5 Bxe3+
15.Nxe3 Nc5 16.f3 b6 17.Rg1 Kb7 18.g4 hxg4 19.Rxg4 Ne6 20.Rhg3 Rad8 21.b3 Rh7
22.Nd5 Rdh8 23.b4 Rxh4 24.b5 Na5 25.Kd2 Rxg4 26.Rxg4 Rh2  0-1

[Event "ch-ROU Men"]
[Site "Sarata Monteoru ROU"]
[Date "2011.02.14"]
[Round "3.13"]
[White "Bohiltea,F"]
[Black "Badea,B"]
[Result "0-1"]
[WhiteElo "2138"]
[BlackElo "2493"]

1.e4 d6 2.d4 Nf6 3.Nc3 e5 4.dxe5 dxe5 5.Qxd8+ Kxd8 6.Bg5 c6 7.O-O-O+ Ke8
8.Nf3 Nbd7 9.a3 Be7 10.h3 b5 11.Kb1 a5 12.Bxf6 Bxf6 13.Bd3 Nc5 14.b4 Na6
15.Na2 Be6 16.bxa5 Nc5 17.Nb4 Bd7 18.a6 Nxa6 19.Nxa6 Rxa6 20.Kb2 Ke7 21.c4 Rha8
22.Ra1 bxc4 23.Bxc4 Ra4 24.Kb3 Ke8 25.Rhd1 R4a7 26.Rd2 Kf8 27.a4 Be8 28.Rda2 Bd8
29.Nxe5 Re7 30.Nf3 Rxe4 31.Re2 Rb8+  0-1

[Event "IV Open A"]
[Site "Gora Swietej Anny POL"]
[Date "2011.02.15"]
[Round "5.11"]
[White "Kopica,Paulina"]
[Black "Sroka,J"]
[Result "0-1"]
[WhiteElo "1669"]
[BlackElo "2109"]

1.e4 d6 2.d4 Nf6 3.Nc3 e5 4.Be3 Nbd7 5.Bc4 Be7 6.f3 c6 7.Nge2 O-O 8.Qd2 b5
9.Bd3 a6 10.O-O-O Bb7 11.g4 Qa5 12.g5 Ne8 13.h4 c5 14.dxc5 Nxc5 15.Kb1 b4
16.Nd5 Bxd5 17.exd5 Nxd3 18.Qxd3 Nc7 19.f4 Nb5 20.f5 Rfc8 21.Bd2 Rab8 22.Bc1 Nc3+
23.Nxc3 bxc3 24.b3 Rb4 25.a3 Rb7 26.Qf3 Qc5 27.Ka2 a5 28.Qd3 Rcb8 29.Rh3 a4
30.b4 Qa7 31.Qxc3 Rc7 32.Qb2 Rbc8 33.c3 Rc4 34.Rdd3 Qd7 35.Qf2 Qc7 36.Bb2 Rf4
37.Rdf3 Qc4+ 38.Ka1 Re4 39.Rh2 Qxd5 40.Rhh3 Qd1+ 41.Ka2 Re2 42.Re3 Qb3+ 43.Ka1 Qxb2+  0-1

[Event "Rector Cup 2011"]
[Site "Kharkov UKR"]
[Date "2011.02.15"]
[Round "2"]
[White "Onischuk,V"]
[Black "Biriukov,N"]
[Result "1-0"]
[WhiteElo "2505"]
[BlackElo "2383"]

1.e4 d6 2.d4 Nf6 3.Nc3 e5 4.Nf3 Nbd7 5.Bc4 Be7 6.O-O O-O 7.Re1 c6 8.a4 a5
9.h3 h6 10.b3 Re8 11.Bb2 Qc7 12.Bd3 Nf8 13.Ne2 Ng6 14.c4 Nh7 15.Ng3 Ng5 16.Nf5 Nxf3+
17.Qxf3 Bg5 18.Rad1 Bxf5 19.exf5 Nf8 20.d5 Nd7 21.Be4 Ra6 22.Ba3 Be7 23.Qd3 c5
24.g3 Bf6 25.Kf1 Kf8 26.Ke2 Ke7 27.h4 Kd8 28.Rh1 h5 29.f3 Qb8 30.g4 Kc7 31.Rdg1 Rh8
32.g5 Be7 33.f6 gxf6 34.g6 fxg6 35.Rxg6 Qf8 36.Bf5 Rb6 37.Qc3 e4 38.f4 Ne5
39.fxe5 fxe5 40.Rf1  1-0

[Event "ch-ROU Women"]
[Site "Sarata Monteoru ROU"]
[Date "2011.02.15"]
[Round "4.6"]
[White "Mosnegutu,M"]
[Black "Vasile,T"]
[Result "1-0"]
[WhiteElo "2178"]
[BlackElo "1987"]

1.e4 d6 2.d4 Nf6 3.Nc3 Nbd7 4.Bg5 e5 5.Nf3 Be7 6.h3 c6 7.Qd2 O-O 8.Bd3 b5
9.a3 a6 10.O-O Bb7 11.Rfe1 Re8 12.Rad1 Qc7 13.Bf1 Nf8 14.d5 Ng6 15.Bxf6 gxf6
16.h4 Bf8 17.g3 c5 18.h5 Ne7 19.Nh4 Bc8 20.f3 Kh8 21.Kh2 Ng8 22.Qf2 Bh6 23.Ne2 Bg5
24.Ng2 f5 25.exf5 Bxf5 26.Nc3 Nf6 27.Kg1 b4 28.Nb1 e4 29.f4 Ng4 30.Qd2 Bf6
31.c3 bxc3 32.bxc3 Qb6 33.Ne3 Nxe3 34.Rxe3 Rab8 35.Rde1 c4 36.Bxc4 Rbc8 37.Bf1 Qa5
38.Kh2 Rc5 39.Qe2 Bxc3 40.Nxc3 Rxc3 41.Qb2 Rc8 42.Rc1 Qxa3 43.Qxa3 Rxc1 44.Bxa6 R8c2+
45.Re2 Rxe2+ 46.Bxe2 Rc2 47.Qa1+ Kg8 48.Qd1 e3 49.Kg1 Rb2 50.g4 Be4 51.Qd4 Rb1+
52.Kh2 Rh1+ 53.Kg3 Rg1+ 54.Kh4 Bg2 55.h6 Kf8 56.Qf6  1-0

[Event "ch-ROU Men"]
[Site "Sarata Monteoru ROU"]
[Date "2011.02.15"]
[Round "5.44"]
[White "Stanculescu,C"]
[Black "Ciortan,M"]
[Result "1-0"]
[WhiteElo "2232"]
[BlackElo "1757"]

1.e4 d6 2.d4 Nf6 3.Nc3 e5 4.Nf3 Nbd7 5.Bc4 h6 6.h3 c6 7.a4 Qc7 8.Be3 Be7
9.Bb3 Nf8 10.Qd3 Be6 11.d5 cxd5 12.Bxd5 Bxd5 13.Nxd5 Nxd5 14.Qxd5 Ne6 15.O-O O-O
16.Ra3 Rfc8 17.Rc3 Qb8 18.Rb3 b6 19.a5 Rxc2 20.axb6 axb6 21.Rxb6 Qc8 22.Ne1 Rc7
23.Nd3 Rb8 24.Rxb8 Qxb8 25.b4 Kf8 26.b5 Qb7 27.b6 Qxd5 28.exd5 Rc3 29.dxe6 Rxd3
30.b7 Rb3 31.Rc1 Rxb7 32.Rc8+ Bd8 33.Rxd8+ Ke7 34.exf7 Kxf7 35.Rxd6 Ke7 36.Ra6 Rb1+
37.Kh2 Rb7 38.Kg3 Kf7  1-0

[Event "ch-St Petersburg Women"]
[Site "St Petersburg RUS"]
[Date "2011.02.15"]
[Round "5"]
[White "Stjazhkina,O"]
[Black "Kolesnikova,K"]
[Result "1-0"]
[WhiteElo "2240"]
[BlackElo "1908"]

1.e4 d6 2.d4 Nf6 3.Nc3 e5 4.Nf3 Nbd7 5.Bc4 h6 6.O-O Be7 7.a4 O-O 8.h3 c6
9.Ba2 a6 10.Be3 Qc7 11.Nh4 exd4 12.Bxd4 d5 13.Nf5 Bc5 14.exd5 cxd5 15.Nxd5 Nxd5
16.Bxd5 Nb6 17.Bxc5 Qxc5 18.Ne3 Nxd5 19.Qxd5 Qb4 20.b3 Be6 21.Qf3 Rac8 22.a5 Rfd8
23.Ra4 Qe7 24.Rd1 Rxd1+ 25.Qxd1 Qg5 26.Qf3 Rc6 27.Rb4 Qxa5 28.Rxb7 Qa1+ 29.Kh2 Qe5+
30.Qg3 Qf6 31.c4 Kh7 32.f4 Bc8 33.Nd5 Qg6 34.Qxg6+ fxg6 35.Rb6 Rxb6 36.Nxb6 Bb7
37.b4 Kg8 38.Nd7 Kf7 39.Nc5 Bc8 40.Kg3 Ke7 41.Kf3 Kd6 42.Ke3 Kc6 43.Kd4 h5
44.Nb3 Be6 45.Nc5 Bc8 46.Nd3 Kb6 47.Ne5 Bf5 48.Kd5 Bc2 49.Kd6 Be4 50.g3 Bg2
51.h4 Be4 52.Ke6 Bf5+ 53.Kf7 a5 54.bxa5+ Kxa5 55.Kxg7 Kb4 56.Kh6 Kc5 57.Nxg6  1-0

[Event "Aeroflot Open B"]
[Site "Moscow RUS"]
[Date "2011.02.16"]
[Round "9"]
[White "Nakhapetiane,P"]
[Black "Rogozenco,D"]
[Result "1/2-1/2"]
[WhiteElo "2469"]
[BlackElo "2534"]

1.e4 d6 2.d4 Nf6 3.Nc3 e5 4.Nf3 Nbd7 5.Bc4 Be7 6.O-O O-O 7.a4 c6 8.Re1 h6
9.a5 Re8 10.h3 Rb8 11.Bb3 b5 12.axb6 axb6 13.d5 Bb7 14.Ra7 Nc5 15.dxc6 Bxc6
16.Bd5 Bxd5 17.exd5 Ra8 18.Nb5 Rxa7 19.Nxa7 Qd7 20.Nc6 b5 21.Be3 Na4 22.Qd3 e4
23.Qxb5 exf3 24.Qxa4 Bf8 25.Qc4 fxg2 26.Kxg2 Qf5 27.Qd3 Qxd3 28.cxd3 Nxd5
29.Kf3 Rc8 30.Rc1 Rc7 31.b4 Rb7 32.Bd2 f5 33.Nd4 Kf7 34.b5 g6 35.Rb1 Bg7
36.Nc6 Ke8 37.Na5 Rb8 38.Rb3 Kd7 39.Nc4 g5 40.Be3 Nxe3 41.Nxe3 Ke6 42.b6 Rb7
43.Rb5 Be5 44.Nc4 Bd4 45.Na5 Rxb6 46.Nb3 g4+ 47.hxg4 fxg4+ 48.Ke2 Bxf2 49.Kxf2 Rxb5
50.Nd4+ Ke5 51.Nxb5 Kf4  1/2-1/2

[Event "Aeroflot Open A"]
[Site "Moscow RUS"]
[Date "2011.02.16"]
[Round "9"]
[White "Kotronias,V"]
[Black "Vorobiov,E"]
[Result "0-1"]
[WhiteElo "2599"]
[BlackElo "2556"]

1.e4 d6 2.d4 Nf6 3.Nc3 e5 4.dxe5 dxe5 5.Qxd8+ Kxd8 6.Bc4 Ke8 7.Nf3 Bd6 8.Bg5 c6
9.O-O-O Bc7 10.Nh4 Be6 11.Nf5 Bxc4 12.Nxg7+ Ke7 13.Nf5+ Ke6 14.Ne3 b5 15.f3 Rg8
16.h4 Nbd7 17.Bxf6 Nxf6 18.b3 Ba5 19.Kb2 Bxc3+ 20.Kxc3 Be2 21.Rd2 Rxg2  0-1

[Event "Aeroflot Open A"]
[Site "Moscow RUS"]
[Date "2011.02.16"]
[Round "9"]
[White "Kobalia,M"]
[Black "Bocharov,D"]
[Result "1/2-1/2"]
[WhiteElo "2666"]
[BlackElo "2605"]

1.e4 d6 2.d4 Nf6 3.Nc3 e5 4.Nf3 Nbd7 5.Bc4 Be7 6.O-O O-O 7.Re1 c6 8.a4 exd4
9.Nxd4 Ne5 10.Bb3 Re8 11.h3 Bd7 12.Be3 Qa5 13.Qd2 Qb4 14.Qe2 Bf8 15.Rad1 h6
16.Na2 Qa5 17.Nc3 a6 18.Nf3 Be6 19.Bxe6 Nxf3+ 20.Qxf3 Rxe6 21.Bd2 Rae8 22.Qd3 Qh5
23.f3 Qh4 24.Be3 d5 25.Bf2 Qf4 26.exd5 Rxe1+ 27.Rxe1 Rxe1+ 28.Bxe1 cxd5 29.b3 Bc5+
30.Bf2 Qc1+ 31.Qd1 Qa3 32.Ne2 Bxf2+ 33.Kxf2 Qc5+ 34.Nd4 Nd7 35.Qd2 a5 36.Qe3 Nb8
37.c3 Nc6 38.Nb5 Qf8 39.Qb6 Qe7 40.Qc7 Qg5 41.Nd6  1/2-1/2

[Event "Rector Cup 2011"]
[Site "Kharkov UKR"]
[Date "2011.02.17"]
[Round "4"]
[White "Aveskulov,V"]
[Black "Biriukov,N"]
[Result "1/2-1/2"]
[WhiteElo "2538"]
[BlackElo "2383"]

1.e4 d6 2.d4 Nf6 3.Nc3 e5 4.Nf3 Nbd7 5.Bc4 Be7 6.O-O O-O 7.Re1 c6 8.a4 b6
9.Ba2 a6 10.h3 Rb8 11.Nh4 g6 12.Bh6 Re8 13.Nf3 Bf8 14.Ng5 Re7 15.Bxf8 Qxf8
16.dxe5 dxe5 17.Qd6 Bb7 18.Rad1 h6 19.Nxf7 Kg7 20.f4 Rxf7 21.Bxf7 Qxd6 22.Rxd6 Kxf7
23.fxe5 Ke7 24.Rxf6 Nxf6 25.exf6+ Kxf6 26.Rd1 Ke6 27.Kf2 a5 28.Ke3 Ba6 29.Rb1 Rf8
30.b4 Bf1 31.b5 cxb5 32.Nxb5 Bxg2 33.Nd4+ Kf7 34.e5 Re8 35.Kf4 Bxh3 36.Rxb6 g5+
37.Ke4 Bg2+ 38.Kf5 Bh3+  1/2-1/2

[Event "ch-ROU Men"]
[Site "Sarata Monteoru ROU"]
[Date "2011.02.17"]
[Round "7.3"]
[White "Berescu,A"]
[Black "Badea,B"]
[Result "1/2-1/2"]
[WhiteElo "2476"]
[BlackElo "2493"]

1.e4 d6 2.d4 Nf6 3.Nc3 e5 4.Nf3 Nbd7 5.Bc4 Be7 6.O-O O-O 7.Re1 c6 8.a4 b6
9.Ba2 a6 10.Nh4 exd4 11.Qxd4 Ne5 12.h3 Rb8  1/2-1/2

[Event "ch-ROU Men"]
[Site "Sarata Monteoru ROU"]
[Date "2011.02.18"]
[Round "9.29"]
[White "Bida,M"]
[Black "Horvat,Dan"]
[Result "1/2-1/2"]
[WhiteElo "2024"]
[BlackElo "2171"]

1.e4 d6 2.d4 Nf6 3.Nc3 e5 4.Nf3 Nbd7 5.Bc4 Be7 6.O-O O-O 7.Re1 a6 8.a4 b6
9.b3 c6 10.Bb2 Bb7 11.Bd3 Qc7 12.Ne2 b5 13.Ng3 g6 14.Qd2 Rfe8 15.c4 bxa4
16.Rxa4 exd4 17.Nxd4 Nc5 18.Raa1 Nxd3 19.Qxd3 Nd7 20.Ndf5 Bf8 21.Qd2 f6 22.Nh6+ Kh8
23.Qf4 Re6 24.Nf7+ Kg8 25.Nh6+ Kh8 26.Nf7+ Kg8 27.Nh6+ Bxh6 28.Qxh6 Rae8
29.f4 Nc5 30.f5 gxf5 31.Nh5 Qf7 32.Nxf6+ Rxf6 33.Bxf6 Nxe4 34.Bb2 Qg6 35.Qf4 c5
36.Re3 Re7 37.Rf3 Rf7 38.Re1 h6 39.Ree3 Kh7 40.Ba1 Qg5 41.Bb2 Nd2  1/2-1/2

[Event "ch-Poltava"]
[Site "Lubny UKR"]
[Date "2011.02.19"]
[Round "1"]
[White "Shabala,S"]
[Black "Shtanko,D"]
[Result "1-0"]
[WhiteElo "2346"]
[BlackElo "2358"]

1.e4 d6 2.d4 Nf6 3.Nc3 Nbd7 4.f4 e5 5.dxe5 dxe5 6.fxe5 Nxe5 7.Qxd8+ Kxd8
8.Bg5 c6 9.Nf3 Bd6 10.O-O-O Kc7 11.Nd4 Bb4 12.Bf4 Nd7 13.Ndb5+ Kb6 14.Be3+ Bc5
15.Na4+ Ka5 16.Nxc5 cxb5 17.Nb3+ Ka6 18.a4 b6 19.Bxb5+ Kb7 20.a5 Kc7 21.Bf4 f6
22.Rd5 Re8 23.Rhd1 Re7 24.Nd4 Bb7 25.Rxd7+ Rxd7 26.Bxe5+ fxe5 27.Ne6+  1-0

[Event "4NCL 2010-11"]
[Site "Reading ENG"]
[Date "2011.02.19"]
[Round "5.15"]
[White "White,Mi"]
[Black "Greet,A"]
[Result "0-1"]
[WhiteElo "2247"]
[BlackElo "2451"]

1.e4 d6 2.d4 Nf6 3.Nc3 e5 4.Nf3 Nbd7 5.Bc4 Be7 6.O-O O-O 7.a4 c6 8.Ba2 b6
9.h3 a6 10.Re1 Rb8 11.d5 Bb7 12.dxc6 Bxc6 13.Nd5 b5 14.axb5 axb5 15.c3 Ra8
16.b4 Bxd5 17.exd5 Qc7 18.Bb2 Nb6 19.Qd2 Nc4 20.Bxc4 Qxc4 21.Red1 Rxa1 22.Bxa1 Ra8
23.Bb2 Ra2 24.Nh2 Qb3  0-1

[Event "ch-ROU Women"]
[Site "Sarata Monteoru ROU"]
[Date "2011.02.19"]
[Round "8.6"]
[White "Uta,Ad"]
[Black "Dragomirescu,An"]
[Result "0-1"]
[WhiteElo "2096"]
[BlackElo "2174"]

1.e4 d6 2.d4 Nf6 3.Nc3 e5 4.dxe5 dxe5 5.Qxd8+ Kxd8 6.Bc4 Ke8 7.Nf3 Bd6 8.O-O a6
9.Ng5 Rf8 10.Nd5 Nbd7 11.f4 h6 12.Nf3 Nxd5 13.Bxd5 exf4 14.h4 Nf6 15.Re1 Ng4
16.Kf1 Ne5 17.Nd4 c6 18.Bb3 g5 19.Bd2 Ke7 20.Bc3 Ng4 21.Nf5+ Bxf5 22.exf5+ Kd7
23.f6 Kc7 24.Re4 Rad8 25.Re7+ Rd7 26.Rxd7+ Kxd7 27.Ke2 Re8+ 28.Kf3 Nh2+ 29.Kf2 Bc5+  0-1

[Event "ch-ROU Women"]
[Site "Sarata Monteoru ROU"]
[Date "2011.02.19"]
[Round "8.9"]
[White "Bulmaga,E"]
[Black "Vasile,T"]
[Result "1/2-1/2"]
[WhiteElo "1825"]
[BlackElo "1987"]

1.d4 d6 2.e4 Nf6 3.Nc3 Nbd7 4.Nge2 e5 5.g3 Be7 6.Bg2 c6 7.a4 b6 8.O-O O-O
9.h3 a6 10.Be3 Bb7 11.g4 g6 12.Ng3 Ne8 13.Bh6 Ng7 14.Qd2 f6 15.Nce2 Re8 16.f4 Ne6
17.f5 Nxd4 18.Nxd4 exd4 19.Qxd4 Ne5 20.b4 Qc7 21.g5 Qd8 22.Qf2 Nf7 23.fxg6 Nxh6
24.gxh7+ Kxh7 25.gxh6 Rg8 26.Qf5+ Kh8 27.Nh5 Bc8 28.Qf3 Rg5 29.Kh1 Rg6 30.Ng7 Rxh6
31.Nf5 Bxf5 32.Qxf5 Qg8 33.Ra3 Qg7 34.Qf4 Rg8 35.Rg3 Rg6 36.Rxg6 Qxg6 37.Bf3 Qg5
38.Bg4 Qxf4 39.Rxf4 Rg5 40.h4 Re5 41.Bd7 c5 42.b5 axb5 43.axb5 d5 44.Bc6 dxe4
45.Bxe4 c4 46.Bc6 Re1+  1/2-1/2

[Event "ch-ROU Men"]
[Site "Sarata Monteoru ROU"]
[Date "2011.02.19"]
[Round "10.29"]
[White "Arghirescu,M"]
[Black "Horvat,Dan"]
[Result "0-1"]
[WhiteElo "1921"]
[BlackElo "2171"]

1.e4 d6 2.d4 Nf6 3.Nc3 e5 4.dxe5 dxe5 5.Qxd8+ Kxd8 6.Bg5 Nd7 7.O-O-O c6 8.Nf3 Kc7
9.Bc4 Ng4 10.Bh4 f6 11.h3 Nh6 12.a3 b5 13.Ba2 a5 14.g4 g5 15.Bg3 Bd6 16.Rd2 Nc5
17.Rhd1 Rd8 18.Re2 Ng8 19.Nd2 h5 20.f3 h4 21.Bf2 Ne6 22.Nf1 Ne7 23.Red2 Rb8
24.Ne2 Ng6 25.c4 b4 26.c5 Be7 27.Rxd8 Bxd8 28.Rd6 Nef4 29.Nxf4 Nxf4 30.Bc4 Be7
31.Rd1 Nxh3 32.Be3 Nf4 33.a4 Be6 34.Nd2 Rd8 35.b3 Bxc4 36.Nxc4 Ne2+ 37.Kc2 Rxd1
38.Kxd1 h3  0-1

[Event "49th TCh-DEN XtraCon 2010-11"]
[Site "Denmark DEN"]
[Date "2011.02.20"]
[Round "7.5"]
[White "Willumsen,H"]
[Black "Aabling Thomsen,J"]
[Result "0-1"]
[WhiteElo "2173"]
[BlackElo "2330"]

1.e4 d6 2.d4 Nf6 3.Nc3 Nbd7 4.Nf3 e5 5.Bc4 Be7 6.O-O h6 7.Nh4 c6 8.Nf5 Nb6
9.Qd3 Nxc4 10.Qxc4 d5 11.exd5 Bxf5 12.dxc6 bxc6 13.dxe5 Nd7 14.Qxc6 O-O 15.Re1 Bb4
16.Bd2 Qb6 17.Qf3 Bxc3 18.Bxc3 Bxc2 19.Qg4 Qe6 20.Qg3 Rfe8 21.Rac1 Bf5 22.Rcd1 Qg6
23.Qe3 Nb6 24.f3 Rad8 25.Qc5 Bh3 26.g3 Qc2 27.Qf2 Qxd1 28.Rxd1 Rxd1+ 29.Be1 Rxe5
30.Qc2 Rdxe1+ 31.Kf2 Rf1+  0-1

[Event "ch-Poltava"]
[Site "Lubny UKR"]
[Date "2011.02.20"]
[Round "2"]
[White "Shalimov,V UKR"]
[Black "Malimonenko,Yury"]
[Result "0-1"]
[WhiteElo "2415"]
[BlackElo "2293"]

1.e4 d6 2.d4 Nf6 3.Nc3 c6 4.a4 Nbd7 5.f4 Qc7 6.e5 Nd5 7.Nxd5 cxd5 8.Nf3 g6
9.Bd3 Bg7 10.O-O O-O 11.Qe1 e6 12.b3 Re8 13.Ba3 Bf8 14.Qh4 Qd8 15.Bxd6 Bxd6
16.exd6 Qxh4 17.Nxh4 Nf8 18.Rae1 Rd8 19.g4 Rxd6 20.Nf3 Bd7 21.Ne5 f6 22.Nf3 Rc6
23.Kf2 Rac8 24.Ke2 e5 25.dxe5 Bxg4 26.Kd2 Ne6 27.f5 Bxf5 28.Bxf5 gxf5 29.Rg1+ Kf7
30.Rc1 Rc3 31.Rg3 d4 32.exf6 Kxf6 33.Ne1 Rxg3 34.hxg3 Rg8  0-1

[Event "TCh-SVK Extraliga 2010-11"]
[Site "Slovakia SVK"]
[Date "2011.02.20"]
[Round "6.7"]
[White "Tropp,L"]
[Black "Kleman,M"]
[Result "0-1"]
[WhiteElo "2029"]
[BlackElo "2266"]

1.e4 d6 2.d4 Nf6 3.Nc3 e5 4.dxe5 dxe5 5.Qxd8+ Kxd8 6.Bc4 Be6 7.Bxe6 fxe6
8.Be3 Nbd7 9.O-O-O Bd6 10.f3 Ke7 11.Nge2 a6 12.Rd2 h6 13.h3 Rad8 14.Rhd1 g5
15.Rh1 Kf7 16.Rdd1 Rdg8 17.Rdf1 Ke7 18.g3 Nh5 19.g4 Nf4 20.Nxf4 exf4 21.Bd4 Be5
22.Bf2 h5 23.Kd1 Rh7 24.h4 Rgh8 25.hxg5 hxg4 26.Rxh7+ Rxh7 27.fxg4 Bxc3 28.bxc3 e5
29.Ke2 Kf7 30.Rb1 b6 31.c4 Kg6 32.c5 Rh2 33.cxb6 cxb6 34.Kf3 Kxg5 35.Rd1 Nf6
36.Bxb6 Rxc2 37.Bd8 Rc3+ 38.Kf2 Rc6 39.Kf3 Kg6 40.Bxf6 Kxf6 41.Rd3 Kg5 42.Ra3 Rh6
43.Ra5 Rh3+ 44.Kf2 Kxg4 45.Rxa6 Rh2+ 46.Kg1 Re2 47.Ra8 Rxe4 48.Kf2 Rc4 49.Rg8+ Kf5
50.Kf3 e4+ 51.Ke2 Rc2+ 52.Kf1 Rxa2 53.Ke1 e3 54.Kf1 Ke4 55.Rh8 Ra1+ 56.Kg2 f3+
57.Kg3 Rg1+  0-1

[Event "ch-POL"]
[Site "Warsaw POL"]
[Date "2011.02.20"]
[Round "9"]
[White "Tazbir,M"]
[Black "Pakleza,Z"]
[Result "1-0"]
[WhiteElo "2527"]
[BlackElo "2495"]

1.e4 d6 2.d4 Nf6 3.Nc3 c6 4.f4 Qb6 5.e5 Nd5 6.Nxd5 cxd5 7.Bd3 Nc6 8.c3 g6
9.Qf3 e6 10.Qf2 Bd7 11.Nf3 O-O-O 12.Be3 Kb8 13.O-O Rc8 14.a4 Na5 15.exd6 Bxd6
16.Ne5 Be8 17.b4 Nc6 18.b5 Na5 19.Rac1 Ba3 20.Rc2 f6 21.c4 fxe5 22.c5 Qd8
23.fxe5 Nc4 24.Bxc4 dxc4 25.Rxc4 Qd5 26.Qc2 a5 27.bxa6 Bc6 28.Rb1 Rhf8 29.Rc3 Rf5
30.Rxa3 Rcf8 31.Ra2 Rf3 32.Re1 Rf2 33.Qxf2 Rxf2 34.Rxf2 bxa6 35.a5 Kc7 36.h3 Bb5
37.Rf7+ Kc6 38.Rd1 Bc4 39.Rb1 Bb5 40.Rd1 Bc4 41.Bf2 Qe4 42.Re1 Qc2 43.Rxh7 Qd2
44.Rg7 g5 45.Re3 Qd1+ 46.Re1 Qd2 47.Re3 Qd1+ 48.Kh2 Qxd4 49.Bg1 Qf4+ 50.Rg3 Qxe5
51.Rxg5 Qe1 52.R3g4 Bd5 53.Rg8 Qxa5 54.R4g7 Qd2 55.Rc8+ Kb5 56.Rb8+ Ka4 57.Rg4+ Ka3
58.Bd4 Bc6 59.Rg3+ Ka4 60.Bc3 Qd5 61.Rb4+ Ka3 62.Rd4 Qf5 63.Be1+ Kb2 64.Rd2+ Kc1
65.Rc3+ Kb1 66.Bg3 Qg5 67.Rb3+ Kc1 68.Rf2 e5 69.Ra3 Kb1 70.Rxa6 Be4 71.c6 Qe7
72.Ra5 Qc7 73.Raa2 Bd3 74.Rad2  1-0

[Event "61st ch-RUS w 1st League"]
[Site "Ivanovo RUS"]
[Date "2011.02.21"]
[Round "1"]
[White "Andreeva,E"]
[Black "Petrova,O"]
[Result "0-1"]
[WhiteElo "1978"]
[BlackElo "2230"]

1.e4 d6 2.d4 Nf6 3.Nc3 c6 4.f4 Qa5 5.Bd3 e5 6.Nf3 Nbd7 7.O-O Be7 8.h3 Qc7
9.dxe5 dxe5 10.f5 b5 11.a3 h5 12.Be3 a6 13.Qd2 c5 14.Rfd1 Bb7 15.Ng5 Bc6
16.a4 Rb8 17.axb5 axb5 18.Be2 O-O 19.Nd5 Bxd5 20.exd5 Bd6 21.Ra6 Rb6 22.Ra5 b4
23.Rda1 e4 24.Ra7 Rb7 25.Rxb7 Qxb7 26.Ne6 Ra8 27.Rxa8+ Qxa8 28.Nf4 Nb6 29.Nxh5 Nxh5
30.Bxh5 Nc4 31.Qe2 Qxd5 32.Bg4 Be5 33.Kh1 Bxb2 34.Qf2 Bd4 35.Bxd4 cxd4 36.f6 e3
37.Qf4 Qe5 38.Qxe5 Nxe5 39.Be2 d3 40.cxd3 b3  0-1

[Event "61st ch-RUS w 1st League"]
[Site "Ivanovo RUS"]
[Date "2011.02.22"]
[Round "2"]
[White "Charochkina,D"]
[Black "Yakupova,A"]
[Result "1-0"]
[WhiteElo "2314"]
[BlackElo "2132"]

1.d4 d6 2.e4 Nf6 3.Nc3 e5 4.Nf3 Nbd7 5.Bc4 Be7 6.O-O O-O 7.Re1 c6 8.a4 b6
9.Ba2 Bb7 10.h3 a6 11.dxe5 dxe5 12.Nh4 g6 13.Bh6 Re8 14.Qf3 Bf8 15.Bg5 Be7
16.Rad1 Kg7 17.Bxf6+ Bxf6 18.Qg4 Bc8 19.Nf5+ Kf8 20.Nd6 Re7 21.Rd2 Ra7 22.Red1 Qc7
23.Qf3 b5 24.a5 Kg8 25.Nxf7 Rxf7 26.Rxd7 Bxd7 27.Qxf6 Be8 28.Rd8 Qe7 29.Qxf7+  1-0

[Event "61st ch-RUS w 1st League"]
[Site "Ivanovo RUS"]
[Date "2011.02.24"]
[Round "4"]
[White "Kutukova,V"]
[Black "Fominykh,M"]
[Result "1/2-1/2"]
[WhiteElo "2087"]
[BlackElo "2306"]

1.e4 d6 2.d4 Nf6 3.Nc3 e5 4.Bg5 Be7 5.d5 Nxd5 6.Bxe7 Nxe7 7.Qd2 Be6 8.Nf3 h6
9.O-O-O Nd7 10.h3 Ng6 11.Kb1 a6 12.g3 b5 13.Ne1 Nc5 14.f4 b4 15.f5 bxc3 16.Qxc3 Nxe4
17.Qc6+ Bd7 18.Qxe4 Ne7 19.f6 gxf6 20.Rg1 Bc6 21.Qg4 Rg8 22.Qh5 Qb8 23.Bc4 d5
24.Bb3 a5 25.a4 Qb6 26.Rf1 Rg6 27.Nf3 Bb7 28.g4 c5 29.Nh2 c4 30.Ba2 Rg5 31.Qxh6 Ng8
32.Qh7 Rb8 33.c3 Bc6 34.Qc2 Kf8 35.Rd2 Qe3 36.Nf3 Rg7 37.Ka1 d4 38.Rdf2 Be4
39.Qd2 Bd3 40.Re1 Qxd2 41.Nxd2 dxc3 42.Nxc4 Rb4 43.Nxa5 Rxa4 44.Nb3 cxb2+
45.Rxb2 Bc4 46.Nc5 Rxa2+ 47.Rxa2 Bxa2 48.Kxa2 Rh7 49.Rb1 Ke7 50.Rb3 Nh6 51.Rd3  1/2-1/2